Athlétisme : Champion de France du 1 500 m, Piste - Statistiques

Statistiques générales
  • Ce quiz a été pris 4 fois
  • Le résultat moyen est 10 sur 134
Statistiques - réponses
Année Vainqueur % Correct
2022 | 2023 | 2025 Azeddine Habz
75%
2002 | 2005 | 2009 Mehdi Baala
75%
2018 | 2019 | 2020 Alexis Miellet
50%
2004 | 2006 Bouabdellah Tahri
50%
2024 Romain Mornet
50%
2021 Baptiste Mischler
25%
2011 | 2012 | 2013 | 2016 Florian Carvalho
25%
1891 | 1892 Julien Borel
25%
2008 | 2010 Yoann Kowal
25%
2007 Abdelkader Bakhtache
0%
1896 Albin Lermusiaux
0%
1979 | 1981 Alexandre Gonzalez
0%
1982 Alex Gonzalez
0%
1897 Alfred Tunmer
0%
1921 André Audinet
0%
1954 Antoine Vincendon
0%
1920 Armand Burtin
0%
1906 Charles Poulenard
0%
1941 Constant Bréans
0%
1980 Didier Bégouin
0%
1997 | 1998 | 1999 | +2 others Driss Maazouzi
0%
1993 Éric Dubus
0%
1889 | 1890 | 1893 Fernand Meiers
0%
2003 Fouad Chouki
0%
1975 | 1976 | 1977 | 1978 Francis Gonzalez
0%
1898 Georges Campbell-Wood
0%
1913 Gustave Lauvaux
0%
1991 Guy Nunige
0%
1911 | 1912 Henri Arnaud
0%
1899 | 1900 | 1901 | 1902 Henri Deloge
0%
1919 Henri Delvart
0%
1948 Henri Klein
0%
1918 Henri Protais
0%
1988 | 1989 | 1990 Hervé Phélippeau
0%
1974 Jacky Boxberger
0%
1907 | 1908 | 1910 | 1917 Jacques Keyser
0%
1961 | 1962 Jean Clausse
0%
1942 Jean Gallet
0%
1973 Jean-Louis Benoit
0%
1971 | 1972 Jean-Pierre Dufresne
0%
1947 Jean Vernier
0%
1965 | 1966 | 1967 | +3 others Jean Wadoux
0%
1928 | 1929 | 1930 | 1931 Jules Ladoumègue
0%
1903 Louis Bonniot de Fleurac
0%
2014 Mahiedine Mekhissi-Benabbad
0%
1943 | 1945 | 1946 Marcel Hansenne
0%
1888 Maurice Dezaux
0%
1955 | 1959 Michel Bernard
0%
1956 | 1957 | 1958 | +3 others Michel Jazy
0%
1894 | 1895 | 1904 | 1905 Michel Soalhat
0%
1996 Mickael Damian
0%
2015 Morhad Amdouni
0%
1984 | 1985 | 1986 | 1992 Pascal Thiébaut
0%
1949 | 1950 | 1951 | +2 others Patrick El Mabrouk
0%
1909 Paul Lizandier
0%
1983 Philippe Dien
0%
1938 Pierre Leichtnam
0%
1987 Rémy Geoffroy
0%
1932 René Desroches
0%
1923 | 1924 | 1925 René Wiriath
0%
1934 | 1936 Robert Goix
0%
1933 | 1935 | 1937 | 1939 Roger Normand
0%
1922 | 1926 Roger Pelé
0%
1994 | 1995 Samir Benfarès
0%
1927 Séraphin Martin
0%
2017 Sofiane Selmouni
0%
1914 Tessier
0%
Aucun quiz correspondant
Distribution des résultats
% des personnes avec chaque résultat
Percentile par nombre de réponses
Votre historique - résultats
Vous n’avez pas pris ce quiz